000 00323nam a22001337a 4500
008 170303b xxu||||| |||| 00| 0 eng d
020 _a0896400271
041 _aeng
080 _a616.073
100 _a6
101 _aSHM
245 _aTHE ATLAS OF THE HUMAN BRAIN FOR COMPUTERIZED TOMOGRAPHY
_cMATSUI, T
942 _2udc
_cBK
999 _c6692
_d6692